00554nam a2200181 i 450000100060000000300090000600500170001500700030003200800410003510000210007624500780009725000250017526000340020030000320023460000450026685200300031185200310034197404ES-MaACL20240222150536.0t|050712s1932 sp ||||1| spa d1 aMarcoff, Alexis.10aStalin b: el hombre de acero de la Rusia Soviética / cAlexis Marcoff. aEd. popular, 1ª ed. aBarcelona : bIberia, c1932. a92 p., 22 lám. ; c27 cm.14aStalin, Iosif Vissarionovich,d1879-1953 aES-MaACLjA-690 bR.10552 aES-MaACLjA-1005 bR.11149